000 00552nam a2200217Ia 4500
003 OSt
005 20240229111320.0
008 210210b1951 xxu||||| |||| 00| 0 eng d
040 _cAL
041 _aeng
082 _a887/1
100 _aPANCHAPAKESA AYYAR (A S)
_9152448
245 _aChanakya and chandragupta
260 _aMadras
_bV Ramaswamy Sastralu & Sons
_c1951
650 _achandragupta
_9152449
650 _aChanakya
_9152450
650 _aand
_9152451
690 _aSanskrit Criticism
_9152452
906 _a024599
942 _2ddc
_cBK
999 _c150204
_d150204